| 000 | 01014nam a22002417a 4500 | ||
|---|---|---|---|
| 999 |
_c64633 _d64633 |
||
| 005 | 20240530110742.0 | ||
| 008 | 180926s2018 ua g b 000 0 ara d | ||
| 017 |
_a2017/22508 _bمصر. دار الكتب |
||
| 020 | _a9789774385965 | ||
| 040 |
_aEG-CaGPL _cEG-CaGPL |
||
| 082 | 0 | 4 |
_221 _a341.44 / _bج م |
| 100 | 0 | _aجابر فهمى عمران | |
| 245 | 1 | 2 |
_aالمجارى المائية الدولية الانهار والقنوات فى اطار القانون الدولى العام / _cجابر فهمى عمران |
| 260 |
_aالقاهرة : _bالمكتب الجامعى الحديث ، _c2018. |
||
| 300 |
_a383 ص. ؛ _c24 سم. |
||
| 504 | _aيشتمل على ارجاعات ببليوجرافية | ||
| 650 | 0 | 7 |
_2qrmak _aالمياه الاقليمية _xقانون دولى |
| 650 | 0 | 7 |
_2qrmak _aالانهار _xقانون دولى |
| 651 | _2qrmak | ||
| 653 | 0 | _aالمجارى المائية - قانون دولى | |
| 942 |
_2ddc _cBK |
||